00518cam a22001812 4500001001100000005001700011008004100028020001700069040001500086245005800101250001800159260003500177300001600212490003600228651004100264700002800305852000300333000002411920151217152257.0130611s xx 000 0 eng d a9966467351 : aKABUcKABU10aAncient civilizations of Africa /ceditor G. Mokhtar. aabridged ed. aNairobi :bE. A. E. P.,c1990. axx, 420 p.0 aGeneral history of Africa ;vII 0aAfricaxHstoryyT0 1498.@00001840901 aMokhtar, G.@00001840891